书目信息 |
| 题名: |
经济数学——微积分
|
|
| 作者: | 吴传生 主编 ;陈盛双 编 | |
| 分册: | ||
| 出版信息: | 北京 高等教育出版社 2003 |
|
| 页数: | 561页 | |
| 开本: | 22cm | |
| 丛书名: | ||
| 单 册: | ||
| 中图分类: | F224.0 | |
| 科图分类: | ||
| 主题词: | 经济数学 | |
| 电子资源: | ||
| ISBN: | 7-04-011888-2 | |
| 000 | 00694nam0 2200217 450 | |
| 001 | 0655289124 | |
| 005 | 20070727102845.17 | |
| 010 | @a7-04-011888-2@dCNY37.10 | |
| 100 | @a20060314d2003 km y0chiy0120 ea | |
| 101 | 0 | @achi |
| 102 | @aCN@b110000 | |
| 200 | 1 | @a经济数学——微积分@Ajing ji shu xue——wei ji fen@f吴传生主编@Fwu chuan sheng zhu bian@g陈盛双等编@Gchen sheng shuang deng bian |
| 210 | @a北京@c高等教育出版社@d2003 | |
| 215 | @a561页@d22cm | |
| 300 | @a普通高等教育"十五"国家级规划教材 | |
| 606 | 0 | @a经济数学 |
| 690 | @aF224.0@v4 | |
| 701 | 0 | @a吴传生@Awu chuan sheng@4主编 |
| 702 | 0 | @a陈盛双@Achen sheng shuang@4编 |
| 801 | 0 | @aCN@bPFT@c20070727 |
| 905 | @a10447@dF224.0@e161 | |
| 经济数学——微积分/吴传生主编/陈盛双等编.-北京:高等教育出版社,2003 |
| 561页;22cm |
| 普通高等教育"十五"国家级规划教材 |
| ISBN 7-04-011888-2:CNY37.10 |
| ● |
| 相关链接 |
|
|
|
|
正题名:经济数学——微积分
索取号:F224.0/161
 
预约/预借
| 序号 | 登录号 | 条形码 | 馆藏地/架位号 | 状态 | 备注 |
| 1 | 0339803 | 203398037 | 第一样本阅览室/ [索取号:F224.0/161] | 在馆 | |
| 2 | 0339804 | 203398046 | 第一借阅区/ [索取号:F224.0/161] | 在馆 | |
| 3 | 0339805 | 203398055 | 第一借阅区/ [索取号:F224.0/161] | 在馆 | |
| 4 | 0339806 | 203398064 | 第一借阅区/ [索取号:F224.0/161] | 在馆 | |
| 5 | 0339807 | 203398073 | 第一借阅区/ [索取号:F224.0/161] | 在馆 | |
| 6 | 0349607 | 203496074 | 第一借阅区/ [索取号:F224.0/161] | 在馆 | |
| 7 | 0493555 | 204935552 | 密集书库/ [索取号:F224.0/161] | 在馆 | |
| 8 | 0493556 | 204935561 | 密集书库/ [索取号:F224.0/161] | 在馆 | |
| 9 | 0493557 | 204935570 | 密集书库/ [索取号:F224.0/161] | 在馆 | |
| 10 | 0493558 | 204935589 | 密集书库/ [索取号:F224.0/161] | 在馆 | |
| 11 | 0770756 | 207707560 | 库房3/ [索取号:F224.0/161] | 在馆 | |
| 12 | 0770757 | 207707579 | 库房3/ [索取号:F224.0/161] | 在馆 | |
| 13 | 0775962 | 207759629 | 密集书库/ [索取号:F224.0/161] | 在馆 | |
| 14 | 0778260 | 207782602 | 密集书库/ [索取号:F224.0/161] | 在馆 | |
| 15 | 0778781 | 207787812 | 密集书库/ [索取号:F224.0/161] | 在馆 | |
| 16 | 0778895 | 207788955 | 密集书库/ [索取号:F224.0/161] | 在馆 | |
| 17 | 0779193 | 207791932 | 密集书库/ [索取号:F224.0/161] | 在馆 | |
| 18 | 0787718 | 207877181 | 密集书库/ [索取号:F224.0/161] | 在馆 | |
| 19 | 0788063 | 207880630 | 密集书库/ [索取号:F224.0/161] | 在馆 | |
| 20 | 0788535 | 207885350 | 密集书库/ [索取号:F224.0/161] | 在馆 |